000 00690cam a2200193 i 4500
005 20251208110411.0
008 250721s2018 le gr 000 0 ara d
082 1 4 _a216.1
_bع ر ف
100 1 _aالعرفج، عبد الإلة
_eمؤلف.
245 1 0 _aالمناهج الفقهية المعاصرة /
_cتاليف د.عبدالاله بن حسين العرفج.
250 _aالطبعه الاولى.
264 1 _aبيروت :
_bدار الرياحين،
_c2018.
300 _a494 صفحه.
650 1 7 _aالفقه الاسلامي.
650 1 7 _aاصول الفقة.
650 1 7 _aالمذاهب الاسلامية.
942 _2ddc
_cBK
999 _c140190
_d140190